Bilecik Bilecik Bilecik Bilecik Bilecik

Uyuşmazlıkların Alternatif Çözüm Yolları Sempozyumu : (Record no. 22698)

MARC details
000 -BAŞLIK
Sabit Uzunluktaki Kontrol Alanı 01128nam a22003257a 4500
001 - KONTROL NUMARASI
Control Dosyası 0022742
003 - KONTROL NUMARASI KİMLİĞİ
Kontrol Alanı KOHA_MİRAKIL
005 - EN SON İŞLEM TARİHİ ve ZAMANI
Kontrol Alanı 20260207002352.0
007 - FİZİKSEL TANIM SABİT ALAN - GENEL BİLGİ
Sabit uzunluklu kontrol alanı ta
008 - SABİT UZUNLUKTAKİ VERİ ÖGELERİ - GENEL BİLGİ
Sabit Alan 101011b2006 tu |||gro|||#1|||0|tur |
020 ## - ISBN - ULUSLARARASI STANDART KİTAP NUMARASI
Isbn 9789750113734
020 ## - ISBN - ULUSLARARASI STANDART KİTAP NUMARASI
Kullanılabilirlik koşulları 10
040 ## - KATALOGLAMA KAYNAĞI
Özgün Kataloglama Kurumu TR-BiSEU
Kataloglama Dili tur
Çeviri Kurumu TR-BiSEU
Açıklama Kuralları rda
041 0# - DİL KODU
Metin ya da ses kaydının dil kodu tur
044 ## - YAYINLAYAN/ÜRETEN KURULUŞUN ÜLKE KODU
ISO country code tu
050 ## - SINIFLAMA ve YER NUMARASI
Sınıflama Numarası K2390
Yer Numarası .U98 2006
111 2# - TOPLANTI ADI
Toplantı Adı Uyuşmazlıkların Alternatif Çözüm Yolları Sempozyumu ( Ankara : 2006)
9 (RLIN) 47381
245 1# - ESER ADI BİLDİRİMİ
Başlık Uyuşmazlıkların Alternatif Çözüm Yolları Sempozyumu :
Alt Eseradı vb. Ankara, 3-5 Nisan 2006/
Sorumluluk Bildirimi Editör byMehmet Tiryaki.
264 #1 - ÜRERİM, YAYIN, DAĞITIM ve TELİF BİLDİRİMİ
Yayın yeri Ankara :
Yayınlayan Yetkin Basımevi
Yayın tarihi 2006
300 ## - FİZİKSEL TANIMLAMA
Sayfa, Cilt vb. 152 sayfa; 24 cm.
336 ## - İÇERİK TÜRÜ
Content type term metin
Content type code txt
Source rdacontent
337 ## - MEDYA TÜRÜ
Media type term aracısız
Media type code n
Source rdamedia
338 ## - TAŞIYICI TÜRÜ
Carrier type term cilt
Carrier type code nc
Source rdacarrier
650 #0 - KONU BAŞLIĞI EK GİRİŞ - KONU TERİMİ
Konusal terim veya coğrafi ad Mediation--Turkey--Congresses.
9 (RLIN) 47382
650 #0 - KONU BAŞLIĞI EK GİRİŞ - KONU TERİMİ
Konusal terim veya coğrafi ad Mediation--European Union countries--Congresses.
9 (RLIN) 47383
650 #0 - KONU BAŞLIĞI EK GİRİŞ - KONU TERİMİ
Konusal terim veya coğrafi ad Mediation and conciliation--Turkey--Congresses.
9 (RLIN) 47384
650 #0 - KONU BAŞLIĞI EK GİRİŞ - KONU TERİMİ
Konusal terim veya coğrafi ad Mediation and conciliation--European Union countries--Congresses.
9 (RLIN) 47385
907 ## - LOCAL DATA ELEMENT G, LDG (RLIN)
a Sempozyum
942 ## - EK GİRİŞ ÖGELERİ (KOHA)
Source of classification or shelving scheme Library of Congress Classification
Koha item type Book
Holdings
Materyal Türü Kalıcı Konum Mevcut Konum Raf Yeri Sınıflandırma Kaynağı Edinim Bilgisi Ana Konular Alt Konular Yer Numarası Demirbaş Numarası Fatura Tarihi Maliyet, Alış Fiyatı Maliyet, Yenileme Fiyatı Geri Çekilme Durumu Kayıp Durumu Hasarlı Durumu Kredi için değil Kayıt Tarih Toplam Ödünçverme Son Görülme Tarihi Son Kontrol Tarihi Genel / Bağış Notu
Book Prof. Dr. Azmi Özcan Kütüphanesi Prof. Dr. Azmi Özcan Kütüphanesi Uluğbey Salonu Library of Congress Classification Bağış HUKUK Genel Hukuk, Karşılaştırmalı ve Tekdüze Hukuk, Hukuk İlmi K2390 .U98 2006 0022742 02/02/2026 10.00 10.00         11/10/2010   05/12/2024 05/12/2024 Genel Bağış